[Event "Isle of Wight International"]
[Site "Ryde"]
[Date "2025.02.20"]
[Round "4.27"]
[White "Sanitt, Ethan"]
[Black "Tomaszewski, Kacper"]
[Result "0-1"]
[WhiteElo "2040"]
[BlackElo "2348"]
[PlyCount "118"]
[EventDate "2025.02.18"]
[EventType "swiss"]
[EventRounds "9"]
[EventCountry "ENG"]
[SourceTitle "BritBase"]
[Source "John Saunders"]
[SourceDate "2025.02.21"]
[SourceVersion "1"]
[SourceVersionDate "2025.02.21"]
[SourceQuality "1"]

1. c4 b6 2. Nc3 Bb7 3. e4 e6 4. Nge2 Nf6 5. d3 h5 6. Bg5 Be7 7. Qd2 d5 8. Bxf6 Bxf6 9. exd5 exd5 10. Qe3+ Kf8 11. cxd5 Na6 12. O-O-O Nb4 13. Kb1 Nxd5 14. Nxd5 Qxd5 15. d4 Qe4+ 16. Qxe4 Bxe4+ 17. Ka1 Rd8 18. f3 Bb7 19. Rc1 c6 20. Kb1 h4 21. Nc3 Rxd4 22. Ne4 c5 23. Bb5 Bxe4+ 24. fxe4 Rb4 25. e5 Bxe5 26. Rce1 Rh5 27. a4 Rxb2+ 28. Kc1 Ra2 29. Rhf1 Ra1+ 30. Kc2 Rxe1 31. Rxe1 Rg5 32. Kd3 Ke7 33. Kc4 Kd6 34. Rd1+ Bd4 35. Rd2 Re5 36. Ba6 Re3 37. Bb7 Rc3+ 38. Kb5 Rb3+ 39. Ka6 Ra3 40. Kb5 Kc7 41. Ba6 Rb3+ 42. Kc4 Rb4+ 43. Kd5 Rxa4 44. Bb5 Rb4 45. Be8 Bc3 46. Rd3 Rd4+ 47. Rxd4 Bxd4 48. Bxf7 Bg1 49. h3 b5 50. Ke4 c4 51. Kf3 a5 52. Ke2 a4 53. Kd2 Bd4 54. Kc2 Kd6 55. Kb1 Kc5 56. Bg6 b4 57. Ka2 c3 58. Bf5 b3+ 59. Kb1 a3 0-1

[Event "Isle of Wight International"]
[Site "Ryde"]
[Date "2025.02.20"]
[Round "4.29"]
[White "Walton, Alan J"]
[Black "Venkatesan, Kavin"]
[Result "0-1"]
[WhiteElo "2034"]
[BlackElo "2227"]
[PlyCount "76"]
[EventDate "2025.02.18"]
[EventType "swiss"]
[EventRounds "9"]
[EventCountry "ENG"]
[SourceTitle "BritBase"]
[Source "John Saunders"]
[SourceDate "2025.02.21"]
[SourceVersion "1"]
[SourceVersionDate "2025.02.21"]
[SourceQuality "1"]

1. d4 Nf6 2. Bg5 d5 3. Bxf6 gxf6 4. c4 e5 5. e3 exd4 6. Qxd4 Nc6 7. Qxd5 Qxd5 8. cxd5 Nb4 9. Na3 a6 10. Nf3 Bf5 11. Nd4 Bg6 12. Be2 O-O-O 13. O-O Nxd5 14. Nc4 Kb8 15. a3 Bc5 16. Nb3 Ba7 17. Rac1 Rhe8 18. Rfd1 Be4 19. Nbd2 Bg6 20. Nb3 Ne7 21. Nca5 c6 22. Bf3 Rxd1+ 23. Rxd1 Kc7 24. Rd2 b6 25. Nc4 b5 26. Nd6 Rd8 27. Ne4 Rxd2 28. Nbxd2 Nd5 29. Kf1 f5 30. Ng5 Nxe3+ 31. Ke2 Ng4 32. h4 Ne5 33. h5 Nxf3 34. hxg6 Nd4+ 35. Kd3 fxg6 36. Nxh7 Ne6 37. Ke2 Kd6 38. Nf3 Nf4+ 0-1

[Event "Isle of Wight International"]
[Site "Ryde"]
[Date "2025.02.20"]
[Round "4.30"]
[White "Rappazzo, Johannes"]
[Black "Freeland, Alex"]
[Result "1-0"]
[WhiteElo "2209"]
[BlackElo "2025"]
[PlyCount "61"]
[EventDate "2025.02.18"]
[EventType "swiss"]
[EventRounds "9"]
[EventCountry "ENG"]
[SourceTitle "BritBase"]
[Source "John Saunders"]
[SourceDate "2025.02.21"]
[SourceVersion "1"]
[SourceVersionDate "2025.02.21"]
[SourceQuality "1"]

1. e4 e6 2. d4 d5 3. Nc3 Nf6 4. Bg5 Be7 5. e5 Nfd7 6. h4 Bxg5 7. hxg5 Qxg5 8. Nh3 Qh4 9. Nb5 Kd8 10. Qd2 a6 11. Nc3 h6 12. O-O-O c5 13. dxc5 Nc6 14. Ng5 Qxh1 15. Nxf7+ Ke7 16. Nxh8 Qh5 17. Be2 Qe8 18. Nxd5+ exd5 19. Qxd5 Ncxe5 20. f4 Nc6 21. Bg4 Qxh8 22. Bxd7 Bxd7 23. Qxd7+ Kf8 24. Qxb7 Rd8 25. Qxc6 Rxd1+ 26. Kxd1 Kf7 27. Qb7+ Kf6 28. Qxa6+ Kf5 29. c6 Qe8 30. c7 Qh5+ 31. Qe2 1-0

[Event "Isle of Wight International"]
[Site "Ryde"]
[Date "2025.02.20"]
[Round "4.31"]
[White "Brackmann, Hendrik"]
[Black "Li, Harry"]
[Result "0-1"]
[WhiteElo "2021"]
[BlackElo "2204"]
[PlyCount "94"]
[EventDate "2025.02.18"]
[EventType "swiss"]
[EventRounds "9"]
[EventCountry "ENG"]
[SourceTitle "BritBase"]
[Source "John Saunders"]
[SourceDate "2025.02.21"]
[SourceVersion "1"]
[SourceVersionDate "2025.02.21"]
[SourceQuality "1"]

1. e4 e5 2. f4 exf4 3. Nf3 d6 4. Bc4 h6 5. h4 Nf6 6. Nc3 Be7 7. d3 Nc6 8. Bxf4 Na5 9. Qd2 Nxc4 10. dxc4 Nh5 11. O-O-O Be6 12. Nd5 Bxd5 13. cxd5 Qd7 14. Bh2 O-O 15. Kb1 Qg4 16. e5 Ng3 17. Rhe1 Rfe8 18. Qd3 a6 19. Nd4 Bxh4 20. Nf3 Be7 21. Nd4 dxe5 22. Bxg3 exd4 23. Bxc7 Qd7 24. Be5 Qxd5 25. Qg3 f6 26. Rxd4 Qc5 27. Rg4 Bf8 28. Bc3 Rxe1+ 29. Qxe1 Qf5 30. Rg3 Rd8 31. b3 Ba3 32. Rf3 Qe4 33. Qg1 Qe2 34. Rf1 Bc5 35. Qh1 Bf2 36. Kb2 Bg3 37. Rf3 Be5 38. Qh3 Bxc3+ 39. Rxc3 Qe5 40. a3 b5 41. Ka2 Rd1 42. Qf3 Re1 43. Qd3 f5 44. g4 fxg4 45. Rc8+ Kf7 46. Qd7+ Kg6 47. Qxg4+ Kh7 0-1

[Event "Isle of Wight International"]
[Site "Ryde"]
[Date "2025.02.20"]
[Round "4.32"]
[White "Toma, Katarzyna"]
[Black "Vadalia, Jainill"]
[Result "1/2-1/2"]
[WhiteElo "2199"]
[BlackElo "1998"]
[PlyCount "110"]
[EventDate "2025.02.18"]
[EventType "swiss"]
[EventRounds "9"]
[EventCountry "ENG"]
[SourceTitle "BritBase"]
[Source "John Saunders"]
[SourceDate "2025.02.21"]
[SourceVersion "1"]
[SourceVersionDate "2025.02.21"]
[SourceQuality "1"]

1. e4 d6 2. d4 Nf6 3. Nc3 e5 4. Nf3 Nbd7 5. Bc4 Be7 6. O-O O-O 7. Re1 c6 8. a4 b6 9. d5 cxd5 10. Nxd5 Bb7 11. c3 Rc8 12. Ba2 Nxd5 13. Bxd5 Bxd5 14. Qxd5 Nf6 15. Qb3 Qc7 16. Bg5 Qc6 17. Bxf6 Bxf6 18. Rad1 Be7 19. Rd5 Kh8 20. Qb5 Qc7 21. Qd3 Qc6 22. Qb5 Qc7 23. Nd2 g6 24. Nf1 f5 25. f3 f4 26. Nd2 h5 27. Qd3 g5 28. c4 g4 29. b3 Rg8 30. Kh1 Rg6 31. a5 Rcg8 32. c5 Rd8 33. axb6 axb6 34. cxd6 Rdxd6 35. Nc4 Rde6 36. g3 fxg3 37. hxg3 h4 38. Rg1 Rh6 39. fxg4 hxg3+ 40. Kg2 Rh2+ 41. Kxg3 Reh6 42. Qf1 Bc5 43. Rxc5 Qxc5 44. g5 R6h3+ 45. Kg4 Qc8+ 46. Qf5 Rh4+ 47. Kg3 R2h3+ 48. Kg2 Rh2+ 49. Kg3 R2h3+ 50. Kg2 Qxf5 51. exf5 Rxb3 52. Nxe5 Re4 53. Ng6+ Kg7 54. Kf2 Rb5 55. Ne7 Rf4+ 1/2-1/2

[Event "Isle of Wight International"]
[Site "Ryde"]
[Date "2025.02.20"]
[Round "4.33"]
[White "Tsakiris, Haralambos"]
[Black "Skettos, Nicolas"]
[Result "1-0"]
[WhiteElo "2178"]
[BlackElo "1966"]
[PlyCount "61"]
[EventDate "2025.02.18"]
[EventType "swiss"]
[EventRounds "9"]
[EventCountry "ENG"]
[SourceTitle "BritBase"]
[Source "John Saunders"]
[SourceDate "2025.02.21"]
[SourceVersion "1"]
[SourceVersionDate "2025.02.21"]
[SourceQuality "1"]

1. e4 e6 2. d4 d5 3. e5 c5 4. c3 Nc6 5. Nf3 Bd7 6. a3 Nge7 7. Bd3 Ng6 8. h4 Be7 9. h5 Nh4 10. Nxh4 Bxh4 11. Qg4 Be7 12. Qxg7 Rf8 13. Bxh7 cxd4 14. h6 Qc7 15. Bf4 Qb6 16. b4 O-O-O 17. O-O Kb8 18. Rc1 dxc3 19. Nxc3 Rc8 20. Nxd5 exd5 21. e6+ Ka8 22. exd7 Rcd8 23. Rab1 a6 24. Bd3 Rxd7 25. b5 axb5 26. Bxb5 Qd8 27. Rxc6 bxc6 28. Bxc6+ Ka7 29. Qd4+ Ka6 30. Qa4+ Qa5 31. Bb5+ 1-0

[Event "Isle of Wight International"]
[Site "Ryde"]
[Date "2025.02.20"]
[Round "4.34"]
[White "Pick, Freddie"]
[Black "Dignam, Matthew P"]
[Result "0-1"]
[WhiteElo "1994"]
[BlackElo "2138"]
[PlyCount "54"]
[EventDate "2025.02.18"]
[EventType "swiss"]
[EventRounds "9"]
[EventCountry "ENG"]
[SourceTitle "BritBase"]
[Source "John Saunders"]
[SourceDate "2025.02.21"]
[SourceVersion "1"]
[SourceVersionDate "2025.02.21"]
[SourceQuality "1"]

1. e4 c6 2. Nc3 d5 3. Nf3 Bg4 4. h3 Bxf3 5. Qxf3 e6 6. d3 Nd7 7. Bd2 Ngf6 8. g4 h6 9. Qg3 d4 10. Ne2 Qb6 11. O-O-O O-O-O 12. Bg2 Nc5 13. Kb1 Na4 14. b3 Ba3 15. Bc1 Bxc1 16. Kxc1 Nc3 17. Nxc3 dxc3 18. Kb1 Rd4 19. Qe3 Ne8 20. e5 Nc7 21. Rhe1 Rhd8 22. Qc1 Nb5 23. Re4 Rxe4 24. dxe4 Rxd1 25. Qxd1 Na3+ 26. Kc1 Qxf2 27. Qd3 Qe1+ 0-1

[Event "Isle of Wight International"]
[Site "Ryde"]
[Date "2025.02.20"]
[Round "4.35"]
[White "Chong, Kai Ni Agnes"]
[Black "Kiese, Matthias"]
[Result "1-0"]
[WhiteElo "1955"]
[BlackElo "2109"]
[PlyCount "83"]
[EventDate "2025.02.18"]
[EventType "swiss"]
[EventRounds "9"]
[EventCountry "ENG"]
[SourceTitle "BritBase"]
[Source "John Saunders"]
[SourceDate "2025.02.21"]
[SourceVersion "1"]
[SourceVersionDate "2025.02.21"]
[SourceQuality "1"]

1. d4 d5 2. c4 e6 3. Nf3 Nf6 4. g3 Be7 5. Bg2 O-O 6. O-O dxc4 7. Qc2 a6 8. a4 Bd7 9. Qxc4 Bc6 10. Bg5 Bd5 11. Qd3 Be4 12. Qd1 c5 13. Nbd2 Bc6 14. dxc5 Bxc5 15. Qc2 Be7 16. Rfd1 Nbd7 17. e4 Rc8 18. Qb1 h6 19. Bxf6 Nxf6 20. e5 Nd7 21. Ne4 Qc7 22. Nd6 Rcd8 23. Qc2 Qb8 24. Nc4 Bd5 25. Qe2 b5 26. axb5 axb5 27. Ncd2 Qb6 28. Ne1 Nc5 29. Bxd5 Rxd5 30. Ndf3 Rfd8 31. Rxd5 Rxd5 32. Rd1 Rxd1 33. Qxd1 f5 34. exf6 Bxf6 35. Qe2 Na4 36. Nd3 Qc6 37. Nfe5 Qd5 38. Qh5 Nxb2 39. Qf7+ Kh7 40. Nd7 Bc3 41. Nf8+ Kh8 42. Nf4 1-0

[Event "Isle of Wight International"]
[Site "Ryde"]
[Date "2025.02.20"]
[Round "4.36"]
[White "Pereslavtsev, Alexandr"]
[Black "Patel, Zain"]
[Result "1/2-1/2"]
[WhiteElo "1946"]
[BlackElo "2089"]
[PlyCount "70"]
[EventDate "2025.02.18"]
[EventType "swiss"]
[EventRounds "9"]
[EventCountry "ENG"]
[SourceTitle "BritBase"]
[Source "John Saunders"]
[SourceDate "2025.02.21"]
[SourceVersion "1"]
[SourceVersionDate "2025.02.21"]
[SourceQuality "1"]

1. b3 b6 2. g3 Bb7 3. Nf3 Nf6 4. Bb2 c5 5. c4 e6 6. Bg2 Be7 7. O-O O-O 8. d4 cxd4 9. Nxd4 Bxg2 10. Kxg2 d5 11. Nd2 Qd7 12. cxd5 Qxd5+ 13. N2f3 Rd8 14. Qc2 Qc5 15. Rac1 Qxc2 16. Rxc2 Bc5 17. a3 a5 18. Ne5 Na6 19. Nb5 Ne4 20. Nc4 Rd5 21. f3 Nf6 22. Nc3 Rdd8 23. Na4 Nd5 24. Nxc5 Nxc5 25. e4 b5 26. exd5 bxc4 27. dxe6 Nxb3 28. exf7+ Kf8 29. Re1 Kxf7 30. Re4 Rac8 31. Rf4+ Kg8 32. Bc3 Rd3 33. Re4 Rc7 34. Be5 Rc5 35. Rcxc4 Rxc4 1/2-1/2

[Event "Isle of Wight International"]
[Site "Ryde"]
[Date "2025.02.20"]
[Round "4.37"]
[White "Wilks, Simon"]
[Black "Waterfield, Mark"]
[Result "1-0"]
[WhiteElo "2089"]
[BlackElo "1892"]
[PlyCount "59"]
[EventDate "2025.02.18"]
[EventType "swiss"]
[EventRounds "9"]
[EventCountry "ENG"]
[SourceTitle "BritBase"]
[Source "John Saunders"]
[SourceDate "2025.02.21"]
[SourceVersion "1"]
[SourceVersionDate "2025.02.21"]
[SourceQuality "1"]

1. e4 e6 2. d4 d5 3. Nc3 Bb4 4. e5 c5 5. a3 Bxc3+ 6. bxc3 Ne7 7. Qg4 cxd4 8. Qxg7 Rg8 9. Qxh7 Qc7 10. Ne2 Nbc6 11. f4 dxc3 12. h4 Bd7 13. h5 O-O-O 14. Qd3 d4 15. Rb1 Nf5 16. Rg1 Nh6 17. g3 Ng4 18. Bg2 f6 19. Nxd4 Ncxe5 20. fxe5 Qxe5+ 21. Ne2 Bc6 22. Qxc3 Qf5 23. Bf4 Rd6 24. Bxd6 Qf2+ 25. Kd2 Rd8 26. Qd4 Rxd6 27. Qxd6 Qe3+ 28. Kd1 Qf2 29. Bxc6 Ne3+ 30. Kc1 1-0

[Event "Isle of Wight International"]
[Site "Ryde"]
[Date "2025.02.20"]
[Round "4.38"]
[White "Schell, Finn"]
[Black "Larchikov, Maksym"]
[Result "1/2-1/2"]
[WhiteElo "1887"]
[BlackElo "2088"]
[PlyCount "65"]
[EventDate "2025.02.18"]
[EventType "swiss"]
[EventRounds "9"]
[EventCountry "ENG"]
[SourceTitle "BritBase"]
[Source "John Saunders"]
[SourceDate "2025.02.21"]
[SourceVersion "1"]
[SourceVersionDate "2025.02.21"]
[SourceQuality "1"]

1. e4 c6 2. d4 d5 3. exd5 cxd5 4. Bd3 Nc6 5. c3 Nf6 6. h3 e5 7. dxe5 Nxe5 8. Nf3 Nxd3+ 9. Qxd3 Be7 10. O-O O-O 11. Be3 Ne4 12. Rd1 Be6 13. Nbd2 Nc5 14. Bxc5 Bxc5 15. Nb3 Bb6 16. Nbd4 Qf6 17. Qe3 Rfe8 18. Qg5 Qxg5 19. Nxg5 Rad8 20. Ngf3 Bd7 21. Rd2 f6 22. Rad1 Re7 23. Nc2 Be6 24. Nb4 Red7 25. Nd4 Bf7 26. Ne2 Kf8 27. Kf1 Ke8 28. b3 Bc7 29. Nd3 Ba5 30. b4 Bb6 31. Nb2 d4 32. Na4 dxc3 33. Rxd7 1/2-1/2

[Event "Isle of Wight International"]
[Site "Ryde"]
[Date "2025.02.20"]
[Round "4.39"]
[White "Shearsby, Jude"]
[Black "Ding, Yiwen"]
[Result "1-0"]
[WhiteElo "2227"]
[BlackElo "1772"]
[PlyCount "77"]
[EventDate "2025.02.18"]
[EventType "swiss"]
[EventRounds "9"]
[EventCountry "ENG"]
[SourceTitle "BritBase"]
[Source "John Saunders"]
[SourceDate "2025.02.21"]
[SourceVersion "1"]
[SourceVersionDate "2025.02.21"]
[SourceQuality "1"]

1. e4 c6 2. d4 d5 3. e5 c5 4. dxc5 e6 5. Nf3 Bxc5 6. a3 Nd7 7. Bd3 Ne7 8. b4 Bb6 9. O-O Ng6 10. Bb2 O-O 11. Re1 Bc7 12. Nbd2 b6 13. c4 Bb7 14. Rc1 Re8 15. c5 bxc5 16. bxc5 Nb8 17. Qa4 Bc6 18. Qg4 Nd7 19. h4 Ndf8 20. h5 Ne7 21. Nd4 Qd7 22. Re3 g6 23. hxg6 fxg6 24. Rce1 Kh8 25. Rh3 Nf5 26. N2f3 Rab8 27. Bc3 Kg8 28. Ng5 Nxd4 29. Bxd4 Qg7 30. Ree3 Re7 31. f4 Bd7 32. Reg3 Bd8 33. Qe2 Be8 34. Qf2 Kh8 35. Nf3 Rbb7 36. f5 exf5 37. e6 Nxe6 38. Bxg7+ Nxg7 39. Qd4 1-0

[Event "Isle of Wight International"]
[Site "Ryde"]
[Date "2025.02.20"]
[Round "4.40"]
[White "Khoury, Theo"]
[Black "Collyer, David"]
[Result "1-0"]
[WhiteElo "2124"]
[BlackElo "1929"]
[PlyCount "75"]
[EventDate "2025.02.18"]
[EventType "swiss"]
[EventRounds "9"]
[EventCountry "ENG"]
[SourceTitle "BritBase"]
[Source "John Saunders"]
[SourceDate "2025.02.21"]
[SourceVersion "1"]
[SourceVersionDate "2025.02.21"]
[SourceQuality "1"]

1. e4 e5 2. Nf3 Nc6 3. Bc4 Bc5 4. O-O Nf6 5. d3 d6 6. c3 a5 7. Re1 O-O 8. h3 h6 9. Nbd2 Ba7 10. Nf1 Be6 11. Bb5 Ne7 12. d4 c6 13. Bd3 Ng6 14. Ng3 Qc7 15. Be3 Nf4 16. Bxf4 exf4 17. Ne2 Nh5 18. Qd2 Rae8 19. Nxf4 Nxf4 20. Qxf4 Bb8 21. d5 Bd7 22. Re3 Ba7 23. Nd4 Bxd4 24. cxd4 cxd5 25. Rg3 dxe4 26. Qxh6 g6 27. Rc1 Qd8 28. Rxg6+ fxg6 29. Qxg6+ Kh8 30. Qh6+ Kg8 31. Bc4+ Be6 32. Bxe6+ Rxe6 33. Qxe6+ Kh8 34. Qh6+ Kg8 35. Rc3 Rf6 36. Rg3+ Kf7 37. Qh7+ Ke6 38. Qxe4+ 1-0

[Event "Isle of Wight International"]
[Site "Ryde"]
[Date "2025.02.20"]
[Round "4.41"]
[White "Cansdale, Zach"]
[Black "Galvan Cipriani, Viviana"]
[Result "1/2-1/2"]
[WhiteElo "1955"]
[BlackElo "2096"]
[PlyCount "121"]
[EventDate "2025.02.18"]
[EventType "swiss"]
[EventRounds "9"]
[EventCountry "ENG"]
[SourceTitle "BritBase"]
[Source "John Saunders"]
[SourceDate "2025.02.21"]
[SourceVersion "1"]
[SourceVersionDate "2025.02.21"]
[SourceQuality "1"]

1. d4 Nf6 2. c4 e6 3. g3 d5 4. Nf3 Bb4+ 5. Bd2 Be7 6. Bg2 O-O 7. Qc2 Nbd7 8. O-O c6 9. Bf4 Ne4 10. Nc3 f5 11. b3 g5 12. Bc1 Bf6 13. Bb2 Qe7 14. Rad1 Qg7 15. Ne1 Rd8 16. Nxe4 dxe4 17. f3 exf3 18. exf3 c5 19. Qf2 Nf8 20. Nc2 f4 21. Ba1 cxd4 22. Bxd4 e5 23. Ba1 Be6 24. Rfe1 Ng6 25. Bf1 Bf5 26. Rxd8+ Rxd8 27. Nb4 Be7 28. Nd5 b6 29. Nxe7+ Qxe7 30. Bc3 Qc7 31. Qb2 Qc5+ 32. Kh1 Re8 33. Bg2 h5 34. Qd2 Kh7 35. Bb4 Qc8 36. Qd5 Be6 37. Qd2 Bf5 38. Rd1 Kh6 39. Bc3 Qc7 40. Qd5 Qc8 41. a4 Re7 42. Re1 Qe6 43. Qxe6 Rxe6 44. a5 Bc2 45. axb6 Rxb6 46. b4 Rc6 47. Bf1 Bb3 48. c5 Bd5 49. Bxe5 Bxf3+ 50. Bg2 Bxg2+ 51. Kxg2 a5 52. Bd6 axb4 53. Rb1 fxg3 54. hxg3 Nh8 55. Rxb4 Nf7 56. Bf8+ Kg6 57. Rb6 Nd8 58. Be7 Rxb6 59. cxb6 Nb7 60. Kf3 Kf5 61. Bb4 1/2-1/2

[Event "Isle of Wight International"]
[Site "Ryde"]
[Date "2025.02.20"]
[Round "4.42"]
[White "Jukes, Sam"]
[Black "Damodaran, Patrick"]
[Result "1/2-1/2"]
[WhiteElo "1951"]
[BlackElo "2072"]
[PlyCount "64"]
[EventDate "2025.02.18"]
[EventType "swiss"]
[EventRounds "9"]
[EventCountry "ENG"]
[SourceTitle "BritBase"]
[Source "John Saunders"]
[SourceDate "2025.02.21"]
[SourceVersion "1"]
[SourceVersionDate "2025.02.21"]
[SourceQuality "1"]

1. e4 e6 2. d4 d5 3. Nd2 dxe4 4. Nxe4 Bd7 5. c3 Bc6 6. Ng3 Nf6 7. Nf3 Bxf3 8. Qxf3 c6 9. Bg5 Nbd7 10. Ne4 Be7 11. Bxf6 Nxf6 12. Nxf6+ Bxf6 13. Bc4 Qb6 14. O-O O-O 15. Qe3 Rfd8 16. Rab1 a5 17. f4 Rac8 18. Rfe1 c5 19. d5 exd5 20. Bxd5 g6 21. Qh3 Rc7 22. Rbd1 Rcd7 23. c4 Bd4+ 24. Kh1 Kg7 25. b3 Qf6 26. Qf3 b6 27. Qe4 h6 28. Re2 h5 29. Rf1 g5 30. g3 g4 31. f5 Rd6 32. Kg2 Qe5 1/2-1/2

[Event "Isle of Wight International"]
[Site "Ryde"]
[Date "2025.02.20"]
[Round "4.43"]
[White "Murawski, Jan"]
[Black "Sandhu, Manvith"]
[Result "1/2-1/2"]
[WhiteElo "2071"]
[BlackElo "1904"]
[PlyCount "36"]
[EventDate "2025.02.18"]
[EventType "swiss"]
[EventRounds "9"]
[EventCountry "ENG"]
[SourceTitle "BritBase"]
[Source "John Saunders"]
[SourceDate "2025.02.21"]
[SourceVersion "1"]
[SourceVersionDate "2025.02.21"]
[SourceQuality "1"]

1. d4 d5 2. c4 c6 3. Nc3 Nf6 4. Nf3 e6 5. e3 Nbd7 6. Qc2 Bd6 7. Bd3 O-O 8. O-O dxc4 9. Bxc4 e5 10. Bd3 Re8 11. Rd1 Qe7 12. Ng5 h6 13. Nge4 Bb8 14. Ng3 exd4 15. exd4 Nb6 16. Bd2 Bxg3 17. hxg3 Bg4 18. f3 Be6 1/2-1/2

[Event "Isle of Wight International"]
[Site "Ryde"]
[Date "2025.02.20"]
[Round "4.44"]
[White "Varro, Daniel"]
[Black "Brett, Andrew R"]
[Result "0-1"]
[WhiteElo "1925"]
[BlackElo "2047"]
[PlyCount "138"]
[EventDate "2025.02.18"]
[EventType "swiss"]
[EventRounds "9"]
[EventCountry "ENG"]
[SourceTitle "BritBase"]
[Source "John Saunders"]
[SourceDate "2025.02.21"]
[SourceVersion "1"]
[SourceVersionDate "2025.02.21"]
[SourceQuality "1"]

1. Nf3 d5 2. g3 Nf6 3. Bg2 g6 4. b3 Bg7 5. Bb2 O-O 6. O-O c5 7. d4 cxd4 8. Bxd4 Nc6 9. Bb2 Bf5 10. a3 Rc8 11. Nbd2 d4 12. Nh4 Bd7 13. c3 dxc3 14. Bxc3 Bg4 15. h3 Be6 16. Nc4 Qc7 17. Rc1 Rfd8 18. Qc2 b5 19. Ne3 Na5 20. Qb2 Nxb3 21. Rc2 Qb6 22. Nf3 h6 23. Rd1 Rxd1+ 24. Nxd1 a5 25. Nd4 Nxd4 26. Bxd4 Rxc2 27. Bxb6 Rxb2 28. Nxb2 Nd7 29. Na4 bxa4 30. Bxa5 Bd4 31. Bc6 Bc5 32. Bxa4 Bxa3 33. h4 h5 34. Bc3 Nc5 35. Bc2 Bb3 36. Bb1 Bc4 37. e3 Na4 38. Bd4 Bc5 39. Be5 Nb6 40. Be4 Nd7 41. Bc3 Nb6 42. Be5 Kh7 43. Kh2 f6 44. Bc3 Bd5 45. Bc2 Bf3 46. Bd2 Kg7 47. Kh3 Nc4 48. Bc1 Ba3 49. Bxa3 Nxa3 50. Bd3 e5 51. Kh2 Bd5 52. Kg1 Nc4 53. Bc2 Nd2 54. Ba4 Bf3 55. Bb5 Kf7 56. Ba4 Ke7 57. Bb5 Kd6 58. Be8 g5 59. hxg5 fxg5 60. Bg6 Kc5 61. Bf7 Kb4 62. Be6 Kc3 63. Bf5 Kb2 64. Be6 Kc2 65. Bf5+ Kd1 66. Bh3 Ke1 67. g4 h4 68. Bf1 Nxf1 69. e4 Bxg4 0-1

[Event "Isle of Wight International"]
[Site "Ryde"]
[Date "2025.02.20"]
[Round "4.45"]
[White "Lishoy Gengis Paratazham, Dildarav"]
[Black "Hu, Junyan"]
[Result "1/2-1/2"]
[WhiteElo "2045"]
[BlackElo "1895"]
[PlyCount "33"]
[EventDate "2025.02.18"]
[EventType "swiss"]
[EventRounds "9"]
[EventCountry "ENG"]
[SourceTitle "BritBase"]
[Source "John Saunders"]
[SourceDate "2025.02.21"]
[SourceVersion "1"]
[SourceVersionDate "2025.02.21"]
[SourceQuality "1"]

1. e4 c5 2. d3 Nc6 3. g3 g6 4. Bg2 Bg7 5. f4 d5 6. exd5 Nb4 7. Nf3 Nxd5 8. O-O Nh6 9. Re1 O-O 10. Nbd2 Nf5 11. Nc4 b5 12. Na3 Rb8 13. Ne5 Rb6 14. c4 Nb4 15. Nxb5 a6 16. a3 Nxd3 17. Qxd3 1/2-1/2

[Event "Isle of Wight International"]
[Site "Ryde"]
[Date "2025.02.20"]
[Round "4.46"]
[White "Obrochta, Lena"]
[Black "Duke, Michael"]
[Result "1-0"]
[WhiteElo "1916"]
[BlackElo "2045"]
[PlyCount "127"]
[EventDate "2025.02.18"]
[EventType "swiss"]
[EventRounds "9"]
[EventCountry "ENG"]
[SourceTitle "BritBase"]
[Source "John Saunders"]
[SourceDate "2025.02.21"]
[SourceVersion "1"]
[SourceVersionDate "2025.02.21"]
[SourceQuality "1"]

1. e4 c5 2. Nf3 d6 3. d4 cxd4 4. Nxd4 Nf6 5. Nc3 g6 6. Be2 Bg7 7. Nb3 Nc6 8. O-O O-O 9. Re1 Be6 10. Bf1 Rc8 11. Nd5 Ne5 12. h3 Nc4 13. c3 Re8 14. a4 Bxd5 15. exd5 Nb6 16. g4 Nc4 17. Bg2 h6 18. Rb1 Qd7 19. Ra1 a6 20. a5 Qc7 21. Re2 Qd7 22. Nd4 Qc7 23. Nb3 Nh7 24. Qe1 Ne5 25. Be3 Nf6 26. Nd2 Nc4 27. Nxc4 Qxc4 28. Qd2 Ne4 29. Bxe4 Qxe4 30. Rae1 Qf3 31. Bf4 Qxh3 32. Bg3 Bf6 33. Re4 Red8 34. c4 Rc5 35. b3 Rc7 36. Qd1 Bh4 37. Bf4 f5 38. Re6 Kh7 39. gxf5 Qxf5 40. R1e4 Rf8 41. Qe2 Rf7 42. b4 Rc8 43. Kg2 Bf6 44. Bg3 Rcf8 45. Rf4 Qb1 46. c5 Qb3 47. Qe4 dxc5 48. bxc5 Qb5 49. Rg4 Rg7 50. c6 bxc6 51. dxc6 Qxa5 52. c7 Rc8 53. Qb7 Rgg8 54. Rxa6 Qf5 55. Re4 Rgf8 56. Qc6 h5 57. Qe6 Qg5 58. Qd7 Rfe8 59. Rb6 Qa5 60. Rxf6 Qa8 61. Rf7+ Kg8 62. Rfxe7 Rxe7 63. Qxe7 Rxc7 64. Bxc7 1-0

[Event "Isle of Wight International"]
[Site "Ryde"]
[Date "2025.02.20"]
[Round "4.47"]
[White "Wicken, Jack"]
[Black "Rastogi, Nayan Keats"]
[Result "1/2-1/2"]
[WhiteElo "2043"]
[BlackElo "1843"]
[PlyCount "38"]
[EventDate "2025.02.18"]
[EventType "swiss"]
[EventRounds "9"]
[EventCountry "ENG"]
[SourceTitle "BritBase"]
[Source "John Saunders"]
[SourceDate "2025.02.21"]
[SourceVersion "1"]
[SourceVersionDate "2025.02.21"]
[SourceQuality "1"]

1. e4 c5 2. Nc3 d6 3. d4 cxd4 4. Qxd4 Nc6 5. Qd2 Nf6 6. b3 e6 7. Bb2 d5 8. exd5 exd5 9. O-O-O Be6 10. Kb1 Qa5 11. Nb5 Qxd2 12. Rxd2 Ne4 13. Re2 Bc5 14. f3 Nf2 15. Rxf2 Bxf2 16. Nc7+ Kd7 17. Nxa8 f6 18. Bb5 Rxa8 19. Ne2 a6 1/2-1/2

[Event "Isle of Wight International"]
[Site "Ryde"]
[Date "2025.02.20"]
[Round "4.48"]
[White "Westcott, Dale"]
[Black "Eagleton, Greg T"]
[Result "1-0"]
[WhiteElo "1770"]
[BlackElo "2042"]
[PlyCount "43"]
[EventDate "2025.02.18"]
[EventType "swiss"]
[EventRounds "9"]
[EventCountry "ENG"]
[SourceTitle "BritBase"]
[Source "John Saunders"]
[SourceDate "2025.02.21"]
[SourceVersion "1"]
[SourceVersionDate "2025.02.21"]
[SourceQuality "1"]

1. Nf3 g6 2. e4 c5 3. d4 Bg7 4. dxc5 Qa5+ 5. c3 Qxc5 6. Na3 a6 7. Nc4 Nc6 8. Be3 Qh5 9. Be2 Qg4 10. Ng5 Qxg2 11. Bf3 Qxh1+ 12. Bxh1 h6 13. Nf3 b5 14. Nb6 Rb8 15. Nxc8 Rxc8 16. Nd4 Ne5 17. f4 Nc4 18. Qe2 Nf6 19. e5 Ng4 20. Qxg4 Nxe3 21. Qe2 Nc4 22. Bb7 1-0